MARC details
| 000 -LEADER |
| fixed length control field |
01970cam a2200349 4500 |
| 001 - CONTROL NUMBER |
| control field |
8704 |
| 008 - FIXED-LENGTH DATA ELEMENTS--GENERAL INFORMATION |
| fixed length control field |
120822t20052005nyu b 001 0 eng d |
| 020 ## - INTERNATIONAL STANDARD BOOK NUMBER |
| International Standard Book Number |
1400082161 (pbk.) |
|
| International Standard Book Number |
9781400082162 (pbk.) |
| 092 ## - LOCALLY ASSIGNED DEWEY CALL NUMBER (OCLC) |
| Classification number |
615.851 |
| Item number |
O72p, 2005 |
| 100 1# - MAIN ENTRY--PERSONAL NAME |
| Personal name |
Orloff, Judith, |
| Relator term |
|
| 245 10 - TITLE STATEMENT |
| Title |
Positive energy : |
| Remainder of title |
10 extraordinary prescriptions for transforming fatigue, stress and fear into vibrance, strength and love / |
| Statement of responsibility, etc. |
Judith Orloff, M.D |
| 250 ## - EDITION STATEMENT |
| Edition statement |
First paperback edition |
| 264 #1 - PRODUCTION, PUBLICATION, DISTRIBUTION, MANUFACTURE, AND COPYRIGHT NOTICE |
| Place of production, publication, distribution, manufacture |
New York : |
| Name of producer, publisher, distributor, manufacturer |
Three Rivers Press, |
| Date of production, publication, distribution, manufacture, or copyright notice |
[2005] |
| 300 ## - PHYSICAL DESCRIPTION |
| Extent |
x, 369 pages ; |
| Dimensions |
21 cm |
| 336 ## - CONTENT TYPE |
| Content type term |
text |
| Source |
rdacontent |
| 337 ## - MEDIA TYPE |
| Media type term |
unmediated |
| Source |
rdamedia |
| 338 ## - CARRIER TYPE |
| Carrier type term |
volume |
| Source |
rdacarrier |
| 504 ## - BIBLIOGRAPHY, ETC. NOTE |
| Bibliography, etc. note |
Includes bibliographical references (pages 355-357) and index |
| 505 0# - FORMATTED CONTENTS NOTE |
| Formatted contents note |
The first prescription : awaken intuition and rejuvenate yourself -- The second prescription : find a nurturing spiritual path -- The third prescription : design an energy-aware approach to diet, fitness, and health -- The fourth prescription : generate positive emotional energy to counter negativity -- The fifth prescription : develop a heart-centered sexuality -- The sixth prescription : open yourself to the flow of inspiration and creativity -- The seventh prescription : clebrate the sacredness of laughter, pampering and the replenishment of retreat -- The eighth prescription : attractive positive people and situations -- The ninth prescription : protect yourself from energy vampires -- The tenth prescription : create abundance |
| 650 #0 - SUBJECT ADDED ENTRY--TOPICAL TERM |
| Topical term or geographic name entry element |
Energy medicine |
|
| Topical term or geographic name entry element |
Energy psychology |
|
| Topical term or geographic name entry element |
Force and energy |
| General subdivision |
Therapeutic use |
|
| Topical term or geographic name entry element |
Mental healing |
|
| Topical term or geographic name entry element |
Power (Mechanics) |
| General subdivision |
Therapeutic use |
|
| Topical term or geographic name entry element |
Power resources |
| General subdivision |
Therapeutic use |
|
| Topical term or geographic name entry element |
Self-actualization (Psychology) |
|
| Topical term or geographic name entry element |
Energy psychology. |
| Source of heading or term |
|
| Authority record control number or standard number |
|
|
| Topical term or geographic name entry element |
Mental healing. |
| Source of heading or term |
|
| Authority record control number or standard number |
|
|
| Topical term or geographic name entry element |
Self-actualization (Psychology) |
| Source of heading or term |
|
| Authority record control number or standard number |
|